00350nam a22001457a 4500003000700000005001700007008004100024020001800065082002100083100001400104245002400118260003700142300000800179650001700187MPLRDC20220104143145.0210129b ||||| |||| 00| 0 eng d a7-5057-0637-3 a857.9 WRA-17 v.2 a温瑞安 a惊艳一枪. 下c ab中国友谊出版公司c1993 b平 a武侠小说